| 000 | 00484nam a2200193Ia 4500 | ||
|---|---|---|---|
| 005 | 20250603144836.0 | ||
| 008 | 250603s9999 xx 000 0 und d | ||
| 020 | _a9781119585176 | ||
| 050 | _aTK 1001 .K57/ | ||
| 100 | _aKirtley, James L. | ||
| 245 | 0 | _aElectric power principles : sources, conversion, distribution, and use | |
| 250 | _a2nd ed. | ||
| 260 | _aUnited State | ||
| 260 | _bWiley | ||
| 260 | _c2020 | ||
| 300 | _a402 p | ||
| 650 | _aUnited State | ||
| 942 | _cBK | ||
| 999 |
_c40114 _d40114 |
||